000 00486nmm a2200169Ia 4500
008 251105s9999||||xx |||||||||||||||||und||
020 _a9788425234613
041 _aspa
100 _aKouhara, Yuyu
245 0 _aLemon chan quiere aprender a dibujar poses
264 _a[Madrid, España] :
_bEditorial Gustavo Gili,
_c2023
300 _a520 páginas
490 _aLemon chan
650 _aArts in general
856 _uhttps://public.digitaliapublishing.com/a/129810
942 _cCF
999 _c80404
_d80404